| 000 | 00495nam a22001577a 4500 | ||
|---|---|---|---|
| 008 | 141114b xxu||||| |||| 00| 0 eng d | ||
| 020 | _a9717500010 | ||
| 050 |
_aDS 675.5 _b.P985 2000 |
||
| 100 | _aSauco, Consolacion P. | ||
| 245 |
_aRizal : _bang pinakadakilang Pilipino / _cPurino, Anacoreta P. |
||
| 260 |
_aManila : _bRex Book Store, _c2000. |
||
| 300 |
_avi, 230 pages : _billustrations ; _c23 cm. |
||
| 500 | _aIncludes bibliographical references. | ||
| 600 | _aRizal. | ||
| 942 |
_2lcc _cBK |
||
| 999 |
_c284775 _d284775 |
||